1118 1361 1537 1962 1503 1619 1716 1558 1994 1485 1405 1133 1237 1278 1528 1193 1121 1229 1892 1334 1195 1074 1641 1176 1824 1829 1503 1624 1722 1264 1538 1897 1010 1318 1316 1297 1604 1422 1002 1880 1259 1054 1670 1502 1581 1642 1223 1779 1664 1136 1749 1491 1804 1598 1512 1632 1185 1534 1364 1246 1803 1064 1426 1259 1941 1070 1830 1042 1475 1439 1118 1760 1757 1159 1329 1066 1294 1157 1974 1811 1813 1604 1442 1275 1286 1906 1786 1708 1958 1664 1272 1418 1861 1287 1993 1749 1979 1446 1999 BCNSPRNW ULIB Ver.6.0+V

เปลี่ยนเป็นภาษาไทย

Change to English
 แสดงรายละเอียดบรรณานุกรม
  กลับหน้าหลัก

Brief Record : Get Marc (ISO 2709) : E-mail record : QR code < ปิดหน้าต่าง
LEADER : 00000nam 2200000uu 4500
001    13399110651
003     ULIB
008    110607s2548||||th 000 0 tha d
020    9749507088 (ล.2)
020    9789749507087
060  4 WS13^bม546ส ล.2 2548
100 1  มัตสุดะ, มิซิโอะ
245 10 สารานุกรมการเลี้ยงดูเด็ก =^bIkuji no hyakka /^cMichio Matsusa ; แปลและเรียบเรียง, พรอนงค์ นิยมค้า
246 31 Ikuji no hyakka
250    พิมพ์ครั้งที่ 14
260    กรุงเทพฯ :^bหมอชาวบ้าน,^c2548
300     เล่ม :^bภาพประกอบ ;^c22 ซม.
650  7 เด็ก, การดูแล
650  7 เด็ก, การเลี้ยง
650  7 ทารก, การดูแล
700 0  พรอนงค์ นิยมค้า,^eผู้แปล
995    ทศพร
999 ^a ใช้งานได้ทุกระบบ
รายการนี้ยังไม่มีแท็ก
คุณยังไม่ได้ล็อกอิน คุณสามารถมีกิจกรรมร่วมกับเว็บไซต์ได้ แต่ต้องล็อกอินก่อน ::
  ล็อกอิน

รายการสื่อสารสนเทศ

ลำดับที่ ประเภท เลขเรียก/บาร์โค้ด สถานที่ สถานะ
- ไม่พบข้อมูล -

รายการใกล้เคียง
    ผู้แต่ง [มัตสุดะ, มิซิโอะ]

    หัวเรื่อง [เด็ก, การดูแล]
    หัวเรื่อง [เด็ก, การเลี้ยง]
    หัวเรื่อง [ทารก, การดูแล]

BibComment


ยังไม่เคยถูกคอมเมนท์

คอมเมนท์ทรัพยากรรายการนี้
  คอมเมนท์: สารานุกรมการเลี้ย..


 Copyright 2026. Bcnsprnw @Library